01402nam a2200325 a 4500001001000000003000500010005001700015008004100032010001100073011001100084040000900095090001000104100003600114245017700150260004100327500006000368502009500428590004000523590004000563650003000603650002900633650003600662856007000698901000700768942001000775942000600785999001900791952013100810952013500941000114564CHAP20220329144446.0180305s2017 mx |sm |||||||spa d a111025 a111997 cCHAP aTesis1 aRicardo Montejo, Alvaro913469110aAnálisis del comportamiento y competitividad de la producción y comercio del aguacate en los principales países productoresh[En línea]cpor Alvaro Ricardo Montejo. aChapingo, Méx. :bEl autor,c2017. aPara ver el contenido del material haga clic en la liga aTesis (Licenciado en Economía) -- UACH. Division de Ciencias Económico Administrativas aE6337LMJb05c20180305lUCH01h1120 aE6337LMJb05c20180305lUCH01h112014aAguacatexMercadeo.9253414aAguacatexPrecios.9254814aAguacatexProducción.9134692 aFinding aiduhttp://10.13.5.2/tesis/sist114564.pdfzTeclea aquí aBK cTESIS n0 c111025d111025 00104054718TESISaBCbBCd2018-03-05fTESISl0oTesisp114565-10r2019-12-31 00:00:00w2019-12-31yTESISzRecien adquirido 00102local4053708TESISaBCbBCcPA_TESISd2018-03-05fTESISl0oTesisp114565-20r2019-12-31 00:00:00tc.2w2019-12-31yTESIS